Normal view
MARC view
Entry Nombre corporativo
001 - NÚMERO DE CONTROL
- campo de control: 16565
003 - IDENTIFICADOR DEL NÚMERO DE CONTROL
- campo de control: BNPHU
005 - FECHA Y HORA DE LA ÚLTIMA TRANSACCIÓN
- campo de control: 20250423140401.0
008 - DATOS DE LONGITUD FIJA
- campo de control de longitud fija: 200615|| aca||aabn | a|a d
010 ## - NÚMERO DE CONTROL DE LA BIBLIOTECA DEL CONGRESO
- Número de control de LC: n 81087516 |z n 95078769
040 ## - FUENTE DE LA CATALOGACIÓN
- Centro catalogador/agencia de origen: DO-SdBNP
- Lengua de catalogación: spa
- Centro/agencia transcriptor: BNPHU
- Normas de descripción: rda
110 20 - ENCABEZAMIENTO-NOMBRE DE ENTIDAD CORPORATIVA
- Nombre de entidad corporativa o nombre de jurisdicción como elemento de entrada: Asociación Médica Dominicana
410 20 - TRAZADO DE VÉASE--NOMBRE DE ENTIDAD CORPORATIVA
- Nombre de entidad corporativa o nombre de jurisdicción como elemento de entrada: AMD
670 ## - FUENTE DE DATOS ENCONTRADOS
- Cita de la fuente: Work cat.: (OSt)5670: República Dominicana 447, Legislación sanitaria dominicana /, 1994.
670 ## - FUENTE DE DATOS ENCONTRADOS
- Cita de la fuente: Publicaciones de la Asociación Médica Dominicana ; v. 1, no. 1 (ser. x-ref.) Marcano F., E. de J. Plantas venenosas en la República Dominicana, 1977:
- Información encontrada: verso portada (Asociación Médica Dominicana)
670 ## - FUENTE DE DATOS ENCONTRADOS
- Cita de la fuente: Cinco ensayos sobre la salud ... 1994:
- Información encontrada: portada (asociación Médican Dominicana, Inc.; AMD)
